История китайской философии

Dades bibliogràfiques
Autor principal: Ху Ши
Sumari:Книга на китайском языке.
Idioma:xinès
Publicat: Пекин, Солидарность, 2005
Matèries:
Format: MixedMaterials Llibre
KOHA link:https://koha.lib.tpu.ru/cgi-bin/koha/opac-detail.pl?biblionumber=118354

MARC

LEADER 00000nam0a2200000 4500
001 118354
005 20231101215450.0
010 |a 7801309073 
035 |a (RuTPU)RU\TPU\book\128074 
090 |a 118354 
100 |a 20070609d2005 km y0rusy50 ca 
101 0 |a chi 
102 |a CN 
105 |a a z 000zy 
200 1 |a История китайской философии  |f Ху Ши 
210 |a Пекин  |c Солидарность  |d 2005 
215 |a 348 с.  |c ил. 
300 |a Книга на китайском языке. 
606 1 |a Китайская философия  |2 stltpush  |3 (RuTPU)RU\TPU\subj\14445  |9 40828 
610 1 |a философия 
610 1 |a история 
610 1 |a китайская цивилизация 
610 1 |a общественная мысль 
686 |a Ю3(5Кит)  |v LBC/SL-A  |2 rubbk 
700 0 |a Ху Ши 
801 1 |a RU  |b 63413507  |c 20070609  |g PSBO 
801 2 |a RU  |b 63413507  |c 20220603  |g PSBO 
942 |c BK